00328nam a2200133Ia 4500008004100000020001500041041001200056082001600068100001800084245004800102260002100150300000900171650001400180221030s9999 xx 000 0 und d a8120323823 aEnglish a105.23bRus aS. J. Russell 0aArtificial Intelligence : A Modern Approach bPHIaDelhic2006 a1080 aComputers